Teribes y térrabas: recuentos de un reecuentro (Registro nro. 7923)
[ vista simple ]
| 000 -Cabecera | |
|---|---|
| Campo de control de longitud fija | 00604nam a22002537a 4500 |
| 005 - Fecha y hora de la última transacción | |
| Campo de control | 20251024192208.0 |
| 008 - Elementos de longitud fija--Información general | |
| Campo de control de longitud fija | 160408b2001 xxu||||| |||| 00| 0 spa d |
| 020 ## - International Standard Book Number | |
| Número Internacional Estándar del Libro (ISBN) | 997767647X |
| 041 ## - Idioma | |
| Código de idioma | Español |
| 082 ## - Clasificación Decimal Dewey | |
| Número de clasificación | 497.9 Q5t |
| 100 ## - Entrada principal--Autor personal | |
| Nombre personal | Quesada Pacheco, Juan Diego |
| 9 (RLIN) | 7838 |
| 245 ## - Título propiamente dicho | |
| Título | Teribes y térrabas: recuentos de un reecuentro |
| 260 ## - Pie de imprenta | |
| Lugar de publicación, distribución, etc. | Costa Rica |
| 260 ## - Pie de imprenta | |
| Nombre del editor, distribuidor, etc. | EUCR |
| 260 ## - Pie de imprenta | |
| Fecha de publicación, distribución, etc. | 2001 |
| 300 ## - Descripción física | |
| Extensión | 165 páginas |
| 490 ## - Serie | |
| Título de la Serie | Turismo |
| 650 ## - Materia general | |
| Temática (materia general) | TERRABA |
| 650 ## - Materia general | |
| Temática (materia general) | PUEBLO INDÍGENA |
| 650 ## - Materia general | |
| Temática (materia general) | LEYENDAS |
| 650 ## - Materia general | |
| Temática (materia general) | LENGUA INDÍGENA |
| 942 ## - Punto de acceso adicional KOHA | |
| Tipo de ítem KOHA | Libro |
| Fuente del sistema de clasificación o colocación | Dewey Decimal Classification |
| Signatura completa | Código de barras | Programa Académico | Tipo de ítem |
|---|---|---|---|
| 497.9 Q5t | 20936 | Turismo | Libro |